| 000 | 00670nam a2200241 a 4500 | ||
|---|---|---|---|
| 001 | BRCA_4617 | ||
| 005 | 20190320204735.0 | ||
| 008 | 270910s1954----mx-a######---#000-0#spa-# | ||
| 041 | _aspa | ||
| 044 | _amx | ||
| 050 | 4 |
_aNK4032 _b.R67 1954 |
|
| 100 | 1 |
_aRosell, Lauro E. _911688 |
|
| 245 | 1 | 0 |
_aEl azulejo poblano _cpor Lauro E. Rosell. |
| 260 |
_a[s.l] _b[s.n] _c[1954?] |
||
| 300 |
_a2 h. _bil. _c28 cm. |
||
| 500 | _aHojas inventariadas por Banco de México como libro | ||
| 500 | _aCFG90 | ||
| 650 | 1 | 4 |
_aCerámica _zPuebla, México _911689 |
| 650 | 1 | 4 |
_aAzulejo _zPuebla _911690 |
| 650 | 1 | 4 |
_aTalavera _zPuebla, México _911691 |
| 902 | _aGFM | ||
| 942 |
_2lcc _cB |
||
| 999 |
_c4322 _d4322 |
||